|
|
|
|
| LEADER |
01751nam a2200397 i 4500 |
| 001 |
EBC6033382 |
| 003 |
MiAaPQ |
| 005 |
20200605103055.0 |
| 006 |
m o d | |
| 007 |
cr cnu|||||||| |
| 008 |
200605s2020 gw o 000 0 ger d |
| 020 |
|
|
|z 9783110585100
|
| 020 |
|
|
|a 9783110600148 (e-book)
|
| 035 |
|
|
|a (MiAaPQ)EBC6033382
|
| 035 |
|
|
|a (Au-PeEL)EBL6033382
|
| 035 |
|
|
|a (OCoLC)1139924035
|
| 040 |
|
|
|a MiAaPQ
|b eng
|e rda
|e pn
|c MiAaPQ
|d MiAaPQ
|
| 050 |
|
4 |
|a PT1105
|b .S364 2020
|
| 082 |
0 |
|
|a 830.8
|2 23
|
| 100 |
1 |
|
|a Schmedt, Helena,
|e author.
|
| 245 |
1 |
0 |
|a Antonius diogenes, "die unglaublichen dinge jenseits von thule" :
|b edition, ubersetzung, kommentar /
|c Helena Schmedt.
|
| 264 |
|
1 |
|a Berlin ;
|a Boston :
|b De Gruyter,
|c [2020]
|
| 264 |
|
4 |
|c 2020
|
| 300 |
|
|
|a 1 online resource (670 pages).
|
| 336 |
|
|
|a text
|b txt
|2 rdacontent
|
| 337 |
|
|
|a computer
|b c
|2 rdamedia
|
| 338 |
|
|
|a online resource
|b cr
|2 rdacarrier
|
| 490 |
1 |
|
|a Millennium-studien / millennium studies ;
|v 78
|
| 588 |
|
|
|a Description based on print version record.
|
| 590 |
|
|
|a Electronic reproduction. Ann Arbor, MI : ProQuest, 2018. Available via World Wide Web. Access may be limited to ProQuest affiliated libraries.
|
| 650 |
|
0 |
|a German literature.
|
| 655 |
|
4 |
|a Electronic books.
|
| 776 |
0 |
8 |
|i Print version:
|a Schmedt, Helena.
|t Antonius diogenes, "die unglaublichen dinge jenseits von thule" : edition, ubersetzung, kommentar.
|d Berlin ; Boston : De Gruyter, c2020
|h 670 pages
|k Millennium-Studien = Millennium studies ; 78.
|z 9783110585100
|w (DLC) 2019951646
|
| 797 |
2 |
|
|a ProQuest (Firm)
|
| 830 |
|
0 |
|a Millennium-Studien = Millennium studies ;
|v 78.
|
| 856 |
4 |
0 |
|u https://ebookcentral.proquest.com/lib/matrademy/detail.action?docID=6033382
|z Click to View
|